000 00304nam a22001457a 4500
008 210429b ||||| |||| 00| 0 eng d
020 _a2900062508118
041 _aeng
080 _a2
082 _a2
100 _a24
101 _aFE
245 _aThe World's Religions
_cSmith,H
942 _2udc
_cBK
999 _c56971
_d56971